SERVICE TEX (Record no. 9177)

MARC details
000 -LEADER
fixed length control field 00462nam a22001577a 4500
003 - CONTROL NUMBER IDENTIFIER
control field SGT
020 ## - INTERNATIONAL STANDARD BOOK NUMBER
International Standard Book Number 9788184782493
082 ## - DEWEY DECIMAL CLASSIFICATION NUMBER
Classification number 343.710552,GUP
100 ## - MAIN ENTRY--PERSONAL NAME
Personal name GUPTA,S.S.
245 ## - TITLE STATEMENT
Title SERVICE TEX
250 ## - EDITION STATEMENT
Edition statement 39TH
260 ## - PUBLICATION, DISTRIBUTION, ETC. (IMPRINT)
Place of publication, distribution, etc NEW DELHI
Name of publisher, distributor, etc TAXMAN
Year of Publication CM831
300 ## - PAGE DESCRIPTION
No. of Pages 1224
650 ## - SUBJECT ADDED ENTRY--TOPICAL TERM
Topical term or geographic name as entry element BASIC CONCEPTS,EXEMPTIONS & ABATEMENTS,EXPORT & IMPORT OF SERVICE,TAX INCIDENCE ON SPECIFIC SERVICE,SERVICE TAX ROCEDURES,CENVAT,APPEALS IN SERVICE TAX
942 ## - ADDED ENTRY ELEMENTS (KOHA)
Source of classification or shelving scheme Dewey Decimal Classification
Koha item type FCM Books
Holdings
Withdrawn status Lost status Source of classification or shelving scheme Damaged status Not for loan Collection code Home library Current library Shelving location Date acquired Vendor Name Cost, normal purchase price SGTU Bill Number Total Checkouts Full call number Accession No. (Barcode) Date last seen Bill Date Koha item type Date last borrowed
    Dewey Decimal Classification     COMMERCE MANAGEMENT SGT Science & Social Sciences Library SGT Science & Social Sciences Library Text Book 21/06/2016 KRITI PRAKASHAN 3650.00 SGTU 2705   343.710552,GUP CM831 21/06/2016 14/08/2015 FCM Books  
    Dewey Decimal Classification     COMMERCE MANAGEMENT SGT Science & Social Sciences Library SGT Science & Social Sciences Library Text Book 21/06/2016 KRITI PRAKASHAN 3650.00 SGTU 2705   343.710552,GUP CM832 09/12/2019 14/08/2015 FCM Books  
    Dewey Decimal Classification   Not For Loan COMMERCE MANAGEMENT SGT Science & Social Sciences Library SGT Science & Social Sciences Library Reference Book 21/06/2016 KRITI PRAKASHAN 3650.00 SGTU 2705   343.710552,GUP CM833 21/06/2016 14/08/2015 FCM Books  
    Dewey Decimal Classification     COMMERCE MANAGEMENT SGT Science & Social Sciences Library SGT Science & Social Sciences Library Text Book 21/06/2016 KRITI PRAKASHAN 3650.00 SGTU 2705   343.710552,GUP CM834 21/06/2016 14/08/2015 FCM Books  
    Dewey Decimal Classification     COMMERCE MANAGEMENT SGT Science & Social Sciences Library SGT Science & Social Sciences Library Text Book 21/06/2016 KRITI PRAKASHAN 3650.00 SGTU 2705 1 343.710552,GUP CM835 28/09/2018 14/08/2015 FCM Books 29/08/2018
    Dewey Decimal Classification   Not For Loan COMMERCE MANAGEMENT SGT Science & Social Sciences Library SGT Science & Social Sciences Library Reference Book 21/06/2016 KRITI PRAKASHAN 3650.00 SGTU 2705   343.710552,GUP CM836 21/06/2016 14/08/2015 FCM Books